| 000 | 00648nac a22001931u 4500 | ||
|---|---|---|---|
| 010 | _a 93209066 | ||
| 020 | _a0131970941 | ||
| 020 | _a0131970941 | ||
| 082 |
_a690.22 _bF811 |
||
| 090 |
_c3390 _d3390 |
||
| 100 | _aFoster, Jack Stroud. | ||
| 245 | 1 | 0 |
_aStructure and fabric : part 1 _cJack Stroud Foster and Raymond Harington. |
| 250 | _a7th ed. | ||
| 260 |
_aLondon : _bLongman Scientific & Technical,1992 _c1992. |
||
| 300 |
_a235 p; _c25 cm. |
||
| 650 | _aBuildings | ||
| 942 |
_cBB _k690.22F811 |
||
| 999 |
_c3390 _d3390 |
||